[Event "34th Chess Olympiad (men)"]
[Site "Istanbul"]
[Date "2000.10.29"]
[Round "2.42.2"]
[White "Mensing, Fabio"]
[Black "Alvarez, Johan"]
[WhiteElo "2000"]
[BlackElo "2317"]
[WhiteCountry "AHO"]
[BlackCountry "VEN"]
[Result "0-1"]

1. d4 Nf6 2. Bg5 Ne4 3. Bf4 d5 4. e3 g6 5. f3 Nf6 6. c4 Bg7 7. Nc3 c5 
8. dxc5 Be6 9. cxd5 Qxd5 10. Bxb8 Rxb8 11. Bb5+ Kf8 12. Qxd5 Bxd5 13. Rd1 Bxa2 
14. Kf2 a6 15. Ba4 b5 16. cxb6ep 
0-1

[Event "34th Chess Olympiad (men)"]
[Site "Istanbul"]
[Date "2000.10.29"]
[Round "2.42.3"]
[White "Sequera, Jose"]
[Black "Wolf, Rudsel"]
[WhiteElo "2357"]
[BlackElo "2000"]
[WhiteCountry "VEN"]
[BlackCountry "AHO"]
[Result "1-0"]

1. e4 d6 2. d4 Nf6 3. Nc3 g6 4. h3 Bg7 5. Nf3 O-O 6. Be3 h6 7. Qd2 Kh7 
8. Be2 c6 9. a4 Nbd7 10. O-O e5 11. dxe5 dxe5 12. Rfd1 Qe7 13. Qd3 Ne8 
14. b3 f5 15. Bc1 Ndf6 16. Ba3 c5 17. Qd8 Qxd8 18. Rxd8 b6 19. exf5 gxf5 
20. Bb2 e4 21. Nh4 Nc7 22. Rxf8 Bxf8 23. Nb5 Nxb5 24. Bxb5 Bg7 25. Bc6 Rb8 
26. Be5 Nh5 27. Bxb8 Bxa1 28. Bxa7 Bf6 29. g3 e3 30. fxe3 Nxg3 31. Ng2 Bd8 
32. Nf4 Bc7 33. Nd5 Bd6 34. Nxb6 Ba6 35. Nc4 Be7 36. Bb8 Ne2+ 37. Kf2 Nc3 
38. Bd6 Nd1+ 39. Kf3 Bxd6 40. Nxd6 Bf1 41. a5 Nc3 42. Nc4 Bxh3 43. a6 Bg4+ 
44. Kg2 h5 45. a7 h4 46. a8Q 
1-0

[Event "34th Chess Olympiad (men)"]
[Site "Istanbul"]
[Date "2000.10.29"]
[Round "2.42.4"]
[White "Maduro, Sherman"]
[Black "Blanco, Cristobal J"]
[WhiteElo "2230"]
[BlackElo "2185"]
[WhiteCountry "AHO"]
[BlackCountry "VEN"]
[Result "1/2-1/2"]

1. e4 c5 2. Nf3 Nc6 3. d4 cxd4 4. Nxd4 Nf6 5. Nc3 e5 6. Nxc6 bxc6 7. Bc4 Bb4 
8. Bg5 h6 9. Bxf6 Qxf6 10. Qd3 O-O 11. O-O Kh8 12. Kh1 Qg5 13. a3 Be7 
14. Ne2 Rb8 15. Rab1 d5 16. Bxd5 Rd8 17. Nc3 Bf5 18. Qe2 Rbc8 19. Bxf7 Bg4 
20. h3 Qe3 21. fxe3 Bd7 22. h4 Bc5 23. h5 Rb8 24. Bg6 Re8 25. Bh7 Kxh7 
26. Nd5 Rf8 27. c4 Be6 28. Rf3 a5 29. Ra1 Bd4 30. Kh2 Bf5 31. g3 
1/2-1/2

[Event "34th Chess Olympiad (men)"]
[Site "Istanbul"]
[Date "2000.10.29"]
[Round "2.43.1"]
[White "Mas, Hafizul Hilmi"]
[Black "Farrand, Tom"]
[WhiteElo "2441"]
[BlackElo "2270"]
[WhiteCountry "MAS"]
[BlackCountry "JCI"]
[Result "1-0"]

1. e4 c5 2. f4 e6 3. Nf3 a6 4. c3 d5 5. e5 d4 6. Bd3 Nc6 7. Qc2 Nge7 8. Be4 Nd5 
9. g3 b5 10. b3 Bb7 11. a3 Rc8 12. O-O dxc3 13. dxc3 c4 14. b4 Be7 15. Kf2 f6 
16. Rd1 O-O 17. Ke2 fxe5 18. h4 Ncxb4 19. axb4 Nxf4+ 20. Bxf4 Bxe4 21. Ra5 Bg5 
22. hxg5 Bf5 23. Ke3 Bg4 24. Rd2 Re8 25. Rxa6 Rf8 26. Ke4 Qxd2 27. Nbxd2 Ra8 
28. Rxa8 Kf7 29. Nxc4 Kg6 30. Ne3 Bxf3+ 
1-0

[Event "34th Chess Olympiad (men)"]
[Site "Istanbul"]
[Date "2000.10.29"]
[Round "2.43.2"]
[White "Hawes, Jonathan"]
[Black "Mok, Tze-Meng"]
[WhiteElo "2113"]
[BlackElo "2308"]
[WhiteCountry "JCI"]
[BlackCountry "MAS"]
[Result "0-1"]

1. e4 e5 2. Nf3 Nc6 3. d4 exd4 4. Nxd4 Nf6 5. Nxc6 bxc6 6. e5 Qe7 7. Qe2 Nd5 
8. c4 Ba6 9. b3 g5 10. g3 Bg7 11. Bb2 O-O-O 12. Bg2 Rde8 13. O-O Qxe5 
14. Bxe5 Rxe5 15. cxd5 cxd5 16. Nc3 c6 17. Rad1 Rhe8 18. Bf3 f5 19. h3 Kc7 
20. Rd2 Bxe2 21. Bxe2 Rb8 22. Rd4 a5 23. Rb4 Rxb4 24. g4 f4 25. Na4 d4 
26. Bf3 c5 27. Be2 d6 28. Nb2 Re8 29. Nd3 Re6 30. Bf3 Rh6 31. Bg2 f3 
32. Nb2 Re6 33. Nd3 Re8 34. Nb2 h5 35. gxh5 Kc6 36. Nd3 g4 37. hxg4 Rg8 38. a3 
0-1

[Event "34th Chess Olympiad (men)"]
[Site "Istanbul"]
[Date "2000.10.29"]
[Round "2.43.3"]
[White "Wong, Zi Jing"]
[Black "Hill, Christopher"]
[WhiteElo "2300"]
[BlackElo "2000"]
[WhiteCountry "MAS"]
[BlackCountry "JCI"]
[Result "1-0"]

1. e4 e5 2. Nf3 Nc6 3. Bc4 Bc5 4. c3 Nf6 5. d3 d6 6. O-O O-O 7. Nbd2 a6 
8. h3 b5 9. Bb3 Na5 10. Bc2 Bb6 11. Re1 c5 12. Nf1 Nc6 13. Ng3 Ne7 14. Bg5 Ne8 
15. Qe2 f6 16. Bb3+ Kh8 17. Bd2 Nc7 18. Rad1 Be6 19. Kh1 Ra7 20. Nh2 Bxb3 
21. axb3 Ne6 22. Rf1 Ng6 23. Qf3 Qe8 
1-0

[Event "34th Chess Olympiad (men)"]
[Site "Istanbul"]
[Date "2000.10.29"]
[Round "2.43.4"]
[White "Mcleod, Robert"]
[Black "Chuah, Jin Hai Jonath"]
[WhiteElo "2000"]
[BlackElo "2180"]
[WhiteCountry "JCI"]
[BlackCountry "MAS"]
[Result "0-1"]

1. e4 c5 2. Nf3 d6 3. d4 cxd4 4. Nxd4 Nf6 5. Nc3 a6 6. Be3 e6 7. Nb3 Be7 
8. Bd3 Qc7 9. Qf3 Nbd7 10. Bf4 h6 11. O-O Rb8 12. Rfe1 b5 13. a3 Bb7 14. h3 g5 
15. Bh2 h5 16. g4 hxg4 17. hxg4 Rh4 18. Qg2 Nxg4 19. Bg3 Rh8 20. Bxd6 Qxd6 
21. Qxg4 f5 22. Qg3 f4 23. Qg2 Ne5 24. Rad1 Qb6 25. Rd2 g4 26. Kf1 Nf3 
27. Qxg4 Nh2+ 
0-1

[Event "34th Chess Olympiad (men)"]
[Site "Istanbul"]
[Date "2000.10.29"]
[Round "2.44.1"]
[White "Varley, Peter"]
[Black "Silveirinha, Jose Antonio C"]
[WhiteElo "2257"]
[BlackElo "2177"]
[WhiteCountry "WLS"]
[BlackCountry "MAC"]
[Result "1-0"]

1. d4 Nf6 2. c4 g6 3. Nc3 Bg7 4. e4 d6 5. Be2 O-O 6. Bg5 c6 7. Qd2 Re8 8. h4 h5 
9. f3 Nbd7 10. Nh3 c5 11. d5 Ne5 12. Nf2 Qa5 13. Nb5 Qb4 14. Qc3 Qxc3+ 
15. Bd2 Rd8 16. a4 Bd7 17. Kd1 Ne8 18. f4 Qc2+ 19. Kxc2 Nf6 20. Ng4 hxg4 
21. Bd3 Nh5 22. Rhg1 a6 23. Nc3 Ng3 24. Rh1 e6 25. Rh2 Nh5 26. Be1 Bc6 
27. g3 Nf6 28. dxe6 fxe6 29. Re2 Kf7 30. a5 Rac8 31. Bd2 d5 32. Rf1 dxe4 
33. Nxe4 Bxe4 34. Bxe4 Rc7 35. Bxg6+ 
1-0

[Event "34th Chess Olympiad (men)"]
[Site "Istanbul"]
[Date "2000.10.29"]
[Round "2.44.2"]
[White "Ma, Ernesto"]
[Black "Zeidler, Sven P"]
[WhiteElo "2200"]
[BlackElo "2255"]
[WhiteCountry "MAC"]
[BlackCountry "WLS"]
[Result "0-1"]

1. e4 d5 2. exd5 Qxd5 3. Nc3 Qa5 4. Nf3 Nf6 5. Be2 Nc6 6. O-O Bg4 7. d3 e6 
8. a3 Bd6 9. Be3 Qh5 10. g3 h6 11. Nd2 Bxe2 12. Qxe2 Ng4 13. f3 Nxe3 
14. Qxe3 Bc5 
0-1

[Event "34th Chess Olympiad (men)"]
[Site "Istanbul"]
[Date "2000.10.29"]
[Round "2.44.3"]
[White "Binks, Michael"]
[Black "Calangi, Zachary Alexander"]
[WhiteElo "2155"]
[BlackElo "2183"]
[WhiteCountry "WLS"]
[BlackCountry "MAC"]
[Result "1/2-1/2"]

1. d4 Nf6 2. c4 e6 3. Nc3 d5 4. Bf4 c6 5. e3 Be7 6. Bd3 dxc4 7. Bxc4 O-O 
8. Nf3 Nbd7 9. Ne5 Nb6 10. Bd3 Nbd5 11. Bg5 h6 12. Bxf6 Bxf6 13. Nf3 Nxc3 
14. bxc3 c5 15. O-O Qa5 16. Qb3 a6 17. Rfd1 b5 18. a4 c4 19. Bxc4 bxc4 
20. Qxc4 Bb7 21. Rdc1 Qf5 22. Nd2 Qg5 23. Qf1 Rac8 24. Rab1 Rc7 25. f4 Qa5 
26. Qd1 Rfc8 27. c4 Bc6 28. Ra1 Qf5 29. Rab1 h5 30. c5 h4 31. h3 Qg6 
32. Nf3 Qe4 33. Rc3 Bxa4 34. Nd2 Qc6 35. Qe1 Rb7 36. Rxb7 Qxb7 37. Nc4 Rd8 
38. Nd6 Qd5 39. Ra3 Bc6 40. Qd2 Ra8 41. Ra1 a5 42. Rd1 a4 43. e4 Qb3 
44. d5 exd5 45. exd5 Qb6 46. dxc6 Qxc6 47. Kh2 Qd7 48. Ne4 Qxd2 49. Rxd2 a3 
50. Nxf6+ gxf6 51. Ra2 Ra4 52. Rf2 Rxf4 53. Ra2 Ra4 54. g4 Rxg4 55. hxg4 
1/2-1/2

[Event "34th Chess Olympiad (men)"]
[Site "Istanbul"]
[Date "2000.10.29"]
[Round "2.44.4"]
[White "Chang, Hon Kun"]
[Black "Jones, Richard S"]
[WhiteElo "2200"]
[BlackElo "2114"]
[WhiteCountry "MAC"]
[BlackCountry "WLS"]
[Result "0-1"]

1. e4 c5 2. Nf3 d6 3. Bc4 e6 4. O-O Nf6 5. Re1 Be7 6. e5 dxe5 7. Nxe5 O-O 
8. d3 Nbd7 9. Nxf7 Kxf7 10. Rxe6 Ke8 11. Bb5 a6 12. Bc4 Nb6 13. Rxf6 Bxf6 
14. Qh5+ g6 15. Qxc5 Bd4 16. Qb4 Bxf2+ 17. Kh1 Nxc4 18. Qxc4 Qe7 19. Bd2 Be1 
20. d4 Be6 21. Qd3 Qf7 22. h3 Qf1+ 23. Kh2 Qxd3 24. cxd3 Bxd2 25. Nxd2 Bd5 
26. Ne4 Bxe4 27. dxe4 Rc8 28. Kg3 Rc2 
0-1

[Event "34th Chess Olympiad (men)"]
[Site "Istanbul"]
[Date "2000.10.29"]
[Round "2.45.1"]
[White "Erdogdu, Mert"]
[Black "Guillen, Ramirez Jose Antonio"]
[WhiteElo "2286"]
[BlackElo "2281"]
[WhiteCountry "TURB"]
[BlackCountry "HON"]
[Result "0-1"]

1. e4 c5 2. Nf3 Nc6 3. d4 cxd4 4. Nxd4 Nf6 5. Nc3 e6 6. Ndb5 Bb4 7. a3 Bxc3+ 
8. Nxc3 d5 9. exd5 exd5 10. Bd3 O-O 11. O-O h6 12. Bf4 d4 13. Nb5 Nd5 
14. Bg3 f5 15. Qh5 Qf6 16. Rae1 Be6 17. Bc4 Bf7 18. Qf3 Rad8 19. Nd6 Rxd6 
20. Bxd6 Qxd6 21. Qxf5 Nde7 22. Bxf7+ Rxf7 23. Qe6 Qxe6 24. Rxe6 Rf5 
25. Rfe1 Kf7 26. Rd6 Rc5 27. Re2 Rb5 28. b3 Ra5 29. Kf1 Rxa3 30. Ke1 Ra2 
31. Kd1 Ra1+ 32. Kd2 a5 33. Rd7 b5 34. Rb7 a4 35. Rxb5 a3 36. Rb6 a2 
37. Ra6 Nd5 38. Ra4 Nc3 
0-1

[Event "34th Chess Olympiad (men)"]
[Site "Istanbul"]
[Date "2000.10.29"]
[Round "2.45.2"]
[White "Medina Colindres, Javier"]
[Black "Turgut, Tansel"]
[WhiteElo "2000"]
[BlackElo "2285"]
[WhiteCountry "HON"]
[BlackCountry "TURB"]
[Result "1/2-1/2"]

1. d4 d5 2. Nc3 Nf6 3. Bg5 c6 4. Nf3 Bf5 5. e3 e6 6. Bd3 Be7 7. Ne5 Nbd7 
8. f4 Nxe5 9. fxe5 Ng4 10. Bxf5 exf5 11. Bxe7 Qxe7 12. Qf3 Qg5 13. Nd1 O-O 
14. O-O g6 15. h3 Nh6 16. Qf4 Qxf4 17. exf4 f6 18. Nf2 fxe5 19. fxe5 Nf7 
20. Nd3 Ng5 21. a4 Ne6 22. c3 a5 23. Rab1 g5 24. b4 axb4 25. Rxb4 Rf7 
26. Nc1 Kg7 27. Ne2 Kg6 28. Rfb1 Ra7 29. c4 dxc4 30. Rxc4 Rd7 31. Rd1 Ra5 
32. Nc3 f4 33. Kf2 Kf5 34. g4+ Kg6 35. Kf3 Nc7 36. Ne4 Ne6 37. Nd6 Rd5 
38. Ke4 Ra5 39. Rb1 Nd8 40. Rcb4 Ra7 41. R1b3 h6 42. Rb2 Rh7 43. d5 cxd5+ 
44. Kxd5 Ra5+ 45. Rb5 Rxa4 46. Rb6 Rd7 47. e6 
1/2-1/2

[Event "34th Chess Olympiad (men)"]
[Site "Istanbul"]
[Date "2000.10.29"]
[Round "2.45.3"]
[White "Haznedaroglu, Kivanc"]
[Black "Marder Riveda, Martin"]
[WhiteElo "2249"]
[BlackElo "2205"]
[WhiteCountry "TURB"]
[BlackCountry "HON"]
[Result "1-0"]

1. e4 e5 2. Nf3 Nc6 3. Bb5 d6 4. d4 exd4 5. Nxd4 Bd7 6. Bxc6 bxc6 7. c4 Nf6 
8. Nc3 Be7 9. O-O O-O 10. Re1 h6 11. Bf4 Re8 12. e5 dxe5 13. Bxe5 Bc5 
14. Nf3 Ng4 15. Bd4 Bb4 16. a3 Be7 17. h3 Nf6 18. Qc2 Be6 19. Rad1 Qb8 
20. Ne5 Qb7 21. Ne2 c5 22. Bc3 Ne4 23. Nf4 Nxc3 24. Qxc3 Bf6 25. Nh5 Bxe5 
26. Qxe5 f6 27. Qg3 Re7 28. Rxe6 
1-0

[Event "34th Chess Olympiad (men)"]
[Site "Istanbul"]
[Date "2000.10.29"]
[Round "2.45.4"]
[White "Hernandez Lagos, Hector"]
[Black "Ipek, Ali"]
[WhiteElo "2000"]
[BlackElo "2241"]
[WhiteCountry "HON"]
[BlackCountry "TURB"]
[Result "0-1"]

1. c4 e5 2. Nc3 Nc6 3. g3 Bb4 4. Bg2 Nf6 5. Nf3 O-O 6. O-O d6 7. d3 h6 
8. h3 Be6 9. Qc2 Qd7 10. Kh2 d5 11. Nxd5 Bxd5 12. a3 Bd6 13. b4 Be6 14. e4 a6 
15. Qd1 Nxe4 16. dxe4 Kh8 17. Qxd6 Qxd6 18. g4 Rae8 19. Kh1 
0-1

[Event "34th Chess Olympiad (men)"]
[Site "Istanbul"]
[Date "2000.10.29"]
[Round "2.46.2"]
[White "Antoniou, Antonis"]
[Black "Arias, Lemnys"]
[WhiteElo "2246"]
[BlackElo "2000"]
[WhiteCountry "CYP"]
[BlackCountry "ESA"]
[Result "0-1"]

1. e4 c5 2. Nf3 d6 3. d4 Nf6 4. Nc3 cxd4 5. Nxd4 g6 6. Be3 Bg7 7. f3 O-O 
8. Qd2 Nc6 9. O-O-O Nxd4 10. Bxd4 Be6 11. Kb1 Qc7 12. h4 Rfc8 13. h5 Qa5 
14. hxg6 hxg6 15. a3 Rab8 16. Bd3 b5 17. Qg5 d5 18. exd5 b4 19. axb4 Rxb4 
20. Qxg6 Rcb8 21. Rh7 Nxh7 22. Kc1 Nf6 23. Kb1 Ne4 
0-1

[Event "34th Chess Olympiad (men)"]
[Site "Istanbul"]
[Date "2000.10.29"]
[Round "2.46.3"]
[White "Segura, Javier"]
[Black "Clerides, Paraskevas"]
[WhiteElo "2000"]
[BlackElo "2226"]
[WhiteCountry "ESA"]
[BlackCountry "CYP"]
[Result "1/2-1/2"]

1. e4 c5 2. Nf3 d6 3. d4 cxd4 4. Nxd4 Nf6 5. Nc3 a6 6. Bc4 e6 7. a3 Be7 
8. Ba2 O-O 9. O-O Bd7 10. f4 Nc6 11. Be3 Nxd4 12. Bxd4 Bc6 13. Qe2 Rc8 
14. Rae1 b5 15. Kh1 Qd7 16. Rf3 a5 17. Rg3 Kh8 18. e5 dxe5 19. Bxe5 b4 
20. axb4 axb4 21. Nd1 Rg8 22. Ne3 Ne4 23. Rh3 Rgd8 24. Rf1 Nf6 25. f5 Bb5 
26. Bc4 Bxc4 27. Nxc4 Qb5 28. b3 exf5 29. Rxf5 Qd7 30. Rf1 Qg4 31. Qxg4 Nxg4 
32. Rg3 f5 33. Bb2 Bf6 34. Bxf6 Nxf6 35. h3 g6 36. Ra1 Ne4 37. Re3 Ra8 
38. Ree1 h5 39. Kg1 h4 40. Rad1 Rxd1 41. Rxd1 Ra2 42. Rc1 Kg7 43. Ne5 Nc3 
44. Kf2 Kf6 45. Nd3 Nd5 46. Ke2 g5 47. Kf3 Kg6 48. Ne5+ Kf6 49. Nd3 Kf7 50. Nf2 
1/2-1/2

[Event "34th Chess Olympiad (men)"]
[Site "Istanbul"]
[Date "2000.10.29"]
[Round "2.46.4"]
[White "Riza, Conrad"]
[Black "Ricando, Chavez"]
[WhiteElo "2000"]
[BlackElo "2111"]
[WhiteCountry "CYP"]
[BlackCountry "ESA"]
[Result "0-1"]

1. Nf3 d6 2. d4 g6 3. c4 Bg7 4. Nc3 Nf6 5. h3 O-O 6. Bf4 Nbd7 7. Qd2 Re8 
8. O-O-O a6 9. e4 c5 10. d5 b5 11. Bd3 Qa5 12. g4 b4 13. Nb1 Qxa2 14. Rde1 Nb6 
15. e5 Nxc4 16. Qc2 Nxe5 17. Nxe5 dxe5 18. Bc4 Qa5 19. Bxe5 Bd7 20. Qb3 Bb5 
21. f4 Bxc4 22. Qxc4 Qb5 23. Qc2 Nxd5 24. Bxg7 Kxg7 25. Qe4 Nf6 26. Qc2 Rad8 
27. Re5 e6 28. Rxc5 Qb7 29. Rf1 Rc8 30. Kd1 Red8+ 31. Ke1 Rxc5 32. Qxc5 Qe4+ 
33. Kf2 Qxb1 34. Qe5 Rd2+ 
0-1

[Event "34th Chess Olympiad (men)"]
[Site "Istanbul"]
[Date "2000.10.29"]
[Round "2.47.1"]
[White "Corbin, Philip"]
[Black "Hakki, Imad"]
[WhiteElo "2228"]
[BlackElo "2429"]
[WhiteCountry "BAR"]
[BlackCountry "SYR"]
[Result "0-1"]

1. e4 c5 2. d4 cxd4 3. c3 Nf6 4. e5 Nd5 5. Bc4 Qc7 6. Qe2 Nb6 7. Bd3 Nc6 
8. Nf3 d5 9. h3 dxc3 10. Nxc3 e6 11. Nb5 Bb4+ 12. Kf1 Qd8 13. Bg5 Be7 
14. Nd6+ Kf8 15. h4 f6 16. exf6 Bxf6 17. Bf4 Qe7 18. Re1 Kg8 19. Ng5 e5 
20. Ngf7 Bd7 21. Nxh8 Kxh8 22. Qh5 e4 23. Nxe4 dxe4 24. Rxe4 Be8 25. Qxh7+ Kxh7 
26. Rxe7+ Kh8 27. Rxb7 Rd8 28. Rh3 Bd7 29. Bc7 Rc8 30. g4 Nd5 31. Bh2 Bxg4 
32. Rg3 Ne5 33. f4 Nf3 34. Rxg4 Nxh2+ 35. Kg1 Nxg4 36. Bf5 Bd4+ 37. Kh1 Rc1+ 
38. Kg2 Nge3+ 39. Kf3 Nxf5 40. Kg4 Nde3+ 41. Kh5 Rg1 42. Rb8+ Kh7 43. Rb7 Rg6 
0-1

[Event "34th Chess Olympiad (men)"]
[Site "Istanbul"]
[Date "2000.10.29"]
[Round "2.47.2"]
[White "Al Zaim, Talal"]
[Black "Austin, Dirk"]
[WhiteElo "2249"]
[BlackElo "2000"]
[WhiteCountry "SYR"]
[BlackCountry "BAR"]
[Result "1/2-1/2"]

1. d4 Nf6 2. c4 e6 3. Nc3 Bb4 4. Qc2 O-O 5. e4 d5 6. e5 Ne4 7. Bd3 c5 
8. cxd5 exd5 9. Ne2 cxd4 10. Nxd4 Bxc3+ 11. bxc3 Nd7 12. f4 Ndc5 13. O-O Qa5 
14. Bd2 Bd7 15. Bxe4 Nxe4 16. Rab1 b6 17. Be1 Rac8 18. Kh1 Qc5 19. Qb3 Qxc3 
20. Qxd5 Rfd8 21. Nb5 Qa5 22. Nd6 g6 23. Qe6 Bxe6 24. Kg1 Rd7 25. Rb2 Nf2 
26. Kxf2 Kf8 27. Nb5 Bd5 28. Na3 Bc6 29. g3 Rd6 30. Rxb6 axb6 
1/2-1/2

[Event "34th Chess Olympiad (men)"]
[Site "Istanbul"]
[Date "2000.10.29"]
[Round "2.47.3"]
[White "Elson, Askari"]
[Black "Al-Baba, Izate"]
[WhiteElo "2000"]
[BlackElo "2000"]
[WhiteCountry "BAR"]
[BlackCountry "SYR"]
[Result "1/2-1/2"]

1. d4 Nf6 2. c4 g6 3. Nc3 Bg7 4. e4 d6 5. f3 O-O 6. Be3 b6 7. Bd3 c5 8. d5 e6 
9. Nge2 exd5 10. cxd5 Nbd7 11. b3 a6 12. Qd2 b5 13. O-O b4 14. Na4 Re8 
15. Rac1 Qe7 16. Nb2 Nxd5 17. Bg5 N5f6 18. Nc4 Bb7 19. Qf4 Ne5 20. Nxe5 dxe5 
21. Qe3 Rac8 22. Rfd1 Qc7 23. g4 Nd7 24. h4 Nf8 25. Bc4 Ne6 26. Bxe6 Rxe6 
27. Kf2 Bf8 28. Kg2 a5 29. Ng3 Rd6 30. Rxd6 Qxd6 31. h5 Ba6 32. hxg6 fxg6 
33. Bh6 Be7 34. Bg5 Bf8 35. Bh6 Qd4 36. Qg5 Qb2+ 37. Kh3 Bxh6 38. Qxh6 Qf2 
39. Qg5 Rf8 40. Qxe5 Rxf3 41. Qe8+ Kg7 42. Qe7+ Kg8 43. Qe8+ Kg7 44. Qe7+ Kg8 
45. Qe8+ 
1/2-1/2

[Event "34th Chess Olympiad (men)"]
[Site "Istanbul"]
[Date "2000.10.29"]
[Round "2.47.4"]
[White "Mohamed, Sameer"]
[Black "Forde, Michael"]
[WhiteElo "2287"]
[BlackElo "2000"]
[WhiteCountry "SYR"]
[BlackCountry "BAR"]
[Result "1-0"]

1. d4 Nf6 2. c4 g6 3. Nc3 Bg7 4. e4 d6 5. Be2 O-O 6. Bg5 Na6 7. Qd2 e5 
8. d5 Nc5 9. f3 a5 10. h4 c6 11. Nh3 cxd5 12. cxd5 Bd7 13. Nf2 Rb8 
14. Nd3 Nxd3+ 15. Bxd3 b5 16. g4 Qb6 17. Be3 Qb7 18. h5 b4 19. Ne2 Rfc8 
20. Kf2 Rc7 21. hxg6 fxg6 22. Rac1 Rbc8 23. Rxc7 Rxc7 24. Rc1 Rxc1 25. Qxc1 Ne8 
26. Qc4 Nc7 27. Nc1 Bb5 28. Qc2 Bf6 29. Nb3 Bxd3 30. Qxd3 a4 31. Na5 Na6 
32. g5 Be7 33. Ke2 Nc5 34. Nc6 Kf8 35. Nxb4 Ke8 36. Nc6 Bf8 37. Nxe5 Bg7 
38. Bxc5 dxc5 39. f4 Ke7 40. Nc4 Bd4 41. e5 Kf7 42. b3 Ke7 43. Qxg6 axb3 
44. axb3 hxg6 
1-0

[Event "34th Chess Olympiad (men)"]
[Site "Istanbul"]
[Date "2000.10.29"]
[Round "2.48.1"]
[White "Nakapunda, Otto"]
[Black "Giaccio, Alfredo"]
[WhiteElo "2157"]
[BlackElo "2505"]
[WhiteCountry "NAM"]
[BlackCountry "ARG"]
[Result "0-1"]

1. d4 e6 2. c4 Bb4+ 3. Nc3 f5 4. Bf4 Nf6 5. e3 O-O 6. Bd3 Bxc3+ 7. bxc3 d6 
8. Ne2 h6 9. h3 Qe7 10. O-O e5 11. Bh2 c5 12. a4 Nc6 13. a5 Qc7 14. Qa4 Bd7 
15. Qa3 Ne7 16. Rfc1 g5 17. Bc2 f4 18. exf4 gxf4 19. Ba4 Bf5 20. Bc2 Kh8 
21. Kh1 Rg8 22. Qb2 Qc6 23. d5 Qd7 24. Bxf5 Nxf5 25. Qd2 Rxg2 26. Nxf4 exf4 
27. Kxg2 Nh4+ 28. Kf1 Qxh3+ 29. Ke2 Qf3+ 
0-1

[Event "34th Chess Olympiad (men)"]
[Site "Istanbul"]
[Date "2000.10.29"]
[Round "2.48.2"]
[White "Hoffman, Alejandro"]
[Black "Leicher, Helmuth"]
[WhiteElo "2491"]
[BlackElo "2000"]
[WhiteCountry "ARG"]
[BlackCountry "NAM"]
[Result "1-0"]

1. d4 Nf6 2. Nf3 d5 3. c4 c6 4. Qc2 e6 5. g3 Be7 6. Bg2 O-O 7. O-O Nbd7 
8. b3 b6 9. Rd1 Bb7 10. Nc3 Rc8 11. Qe4 Re8 12. Bf4 Bd6 13. Ne5 Qe7 14. Nf3 b5 
15. c5 a5 16. Qxe6 fxe6 17. a3 Ra8 18. Nd2 Ra7 19. Nde4 Rea8 20. Nxd6 Ba6 
21. Re1 g6 22. Bxd5 exd5 23. Ne8 g5 24. Nxb5 cxb5 
1-0

[Event "34th Chess Olympiad (men)"]
[Site "Istanbul"]
[Date "2000.10.29"]
[Round "2.48.3"]
[White "Richter, Hannes"]
[Black "Soppe, Guillermo"]
[WhiteElo "2000"]
[BlackElo "2471"]
[WhiteCountry "NAM"]
[BlackCountry "ARG"]
[Result "0-1"]

1. e4 d5 2. exd5 Qxd5 3. Nc3 Qa5 4. Nf3 Nf6 5. Be2 Bf5 6. O-O e6 7. d4 c6 
8. Nh4 Bg6 9. Nxg6 hxg6 10. Bf3 Bd6 11. g3 Nbd7 12. Be3 O-O-O 13. Kg2 Nb6 
14. Qe2 g5 15. Rh1 Qf5 16. g4 Qg6 17. Rac1 Rh4 18. h3 Rdh8 19. Qd2 Nc4 
20. Qd3 Nxe3+ 21. fxe3 Qh6 22. Ne2 Rxh3 23. Rcg1 Rxh1 
0-1

[Event "34th Chess Olympiad (men)"]
[Site "Istanbul"]
[Date "2000.10.29"]
[Round "2.48.4"]
[White "Bertona, Fernando"]
[Black "Hanemaaijer, Teunis"]
[WhiteElo "2405"]
[BlackElo "2000"]
[WhiteCountry "ARG"]
[BlackCountry "NAM"]
[Result "1-0"]

1. e4 e5 2. Bc4 Nc6 3. Nf3 Be7 4. d4 exd4 5. c3 dxc3 6. Qd5 Nh6 7. Bxh6 O-O 
8. Nxc3 Nb4 9. Qd2 gxh6 10. a3 Nc6 11. Qxh6 Bf6 12. O-O d6 13. Rad1 Bg4 
14. Qf4 Bxf3 15. Qxf3 Ne5 16. Qe2 Nxc4 17. Qxc4 Bxc3 18. Qxc3 f6 19. Qb3+ Kh8 
20. Qxb7 Qb8 21. Qxb8 Raxb8 22. Rd2 Kg7 23. Rc1 Rb7 24. Rdc2 Rc8 25. f3 Kf7 
26. b4 Ke6 27. Rc6 Kd7 28. Ra6 Ra8 29. Kf2 Rb6 30. Ra5 Rbb8 31. Rh5 Rh8 
32. Ke3 h6 33. g4 Rag8 34. Ra5 Ra8 35. Kf4 Rhg8 36. h4 Rg6 37. Rb5 Rg7 
38. Rc3 a6 39. Ra5 Rgg8 40. Rh5 Rh8 41. Rd3 Ke6 42. Rdd5 c6 43. Ra5 Ke7 
44. Ke3 Kd7 45. f4 Ke6 46. Kf3 Ke7 47. Ra4 Ke6 48. Rha5 Rhc8 49. Rxa6 Rxa6 
50. Rxa6 c5 51. b5 Rb8 52. a4 Rb7 53. Ra8 Kf7 54. Ke3 Ke6 55. Kd3 d5 56. Ra6+ 
1-0

[Event "34th Chess Olympiad (men)"]
[Site "Istanbul"]
[Date "2000.10.29"]
[Round "2.49.2"]
[White "Kanyingi, Joseph"]
[Black "Belli, Mario"]
[WhiteElo "2200"]
[BlackElo "2393"]
[WhiteCountry "KEN"]
[BlackCountry "PER"]
[Result "0-1"]

1. d4 d5 2. c4 dxc4 3. Nf3 Nf6 4. Nc3 e6 5. e3 c5 6. Bxc4 a6 7. a4 Nc6 
8. O-O Be7 9. Qe2 cxd4 10. Rd1 O-O 11. Nxd4 Qc7 12. Nxc6 Qxc6 13. a5 b5 
14. Bd3 Bb7 15. f3 Qc7 16. Qf2 Rfd8 17. Ne2 Rd7 18. Nd4 Rad8 19. Qf1 Bd6 
20. g3 Bc5 21. Nb3 Ba7 22. Kg2 Ng4 23. e4 Rxd3 24. Rxd3 Qc2+ 25. Bd2 Rxd3 
26. fxg4 Rxd2+ 27. Nxd2 Qxd2+ 
0-1

[Event "34th Chess Olympiad (men)"]
[Site "Istanbul"]
[Date "2000.10.29"]
[Round "2.49.3"]
[White "Cruz, Filemon"]
[Black "Magana, Ben"]
[WhiteElo "2360"]
[BlackElo "2000"]
[WhiteCountry "PER"]
[BlackCountry "KEN"]
[Result "1-0"]

1. d4 d5 2. c4 e6 3. Nc3 Nf6 4. cxd5 exd5 5. Bg5 c6 6. Qc2 Be7 7. e3 O-O 
8. Bd3 Nbd7 9. Nf3 Re8 10. O-O h6 11. Bh4 Ne4 12. Bxe7 Qxe7 13. Bxe4 dxe4 
14. Nd2 Nf6 15. b4 Qxb4 16. Ncxe4 Nxe4 17. Nxe4 Qe7 18. Ng3 Qg5 19. Rfc1 Be6 
20. Qb1 Qe7 21. a4 Rad8 22. a5 Bd5 23. Rc3 g6 24. Qb2 Rd7 25. e4 Be6 26. Ne2 f5 
27. a6 b6 28. Rxc6 fxe4 29. Ng3 e3 30. fxe3 Bd5 31. Rxg6+ Kh7 32. Rxh6+ Kxh6 
33. Nf5+ Kg6 34. Nxe7+ Rdxe7 35. Qc2+ Be4 36. Qf2 
1-0

[Event "34th Chess Olympiad (men)"]
[Site "Istanbul"]
[Date "2000.10.29"]
[Round "2.49.4"]
[White "Mukabi, John"]
[Black "Ramos, Ernesto"]
[WhiteElo "2100"]
[BlackElo "2298"]
[WhiteCountry "KEN"]
[BlackCountry "PER"]
[Result "1/2-1/2"]

1. e4 e5 2. Nf3 Nc6 3. Bc4 Nf6 4. Nc3 Be7 5. O-O d6 6. d4 Bg4 7. dxe5 dxe5 
8. Qxd8+ Rxd8 9. Bb5 Bxf3 10. Bxc6+ bxc6 11. gxf3 Bc5 12. Bg5 h6 13. Bxh6 gxh6 
14. Rfd1 Ke7 15. Ne2 Rb8 16. b3 h5 17. Ng3 Rhg8 18. Kf1 h4 19. Nf5+ Ke6 
20. Rd3 h3 21. Ng3 Rbd8 22. Rad1 Rxd3 23. Rxd3 Bd6 24. Rc3 c5 25. Ke2 Rb8 
26. a3 Rb6 27. Nf5 Ra6 28. a4 Rb6 29. f4 Rb4 30. Kf3 exf4 31. Nxd6 cxd6 
32. Kxf4 Rc4 33. f3 Rxa4 34. bxa4 Ke7 35. Kg3 Kf8 
1/2-1/2

[Event "34th Chess Olympiad (men)"]
[Site "Istanbul"]
[Date "2000.10.29"]
[Round "2.50.1"]
[White "Tissir, Mohamed"]
[Black "Frick, Renato"]
[WhiteElo "2342"]
[BlackElo "2156"]
[WhiteCountry "MAR"]
[BlackCountry "LIE"]
[Result "1-0"]

1. e4 c5 2. Nf3 Nc6 3. Nd4 Nf6 4. Nc3 e5 5. Ndb5 d6 6. Na3 a6 7. Nd5 b5 
8. Bd3 Ne7 9. Nxe7 Qxe7 10. O-O Nh5 11. Qxh5 Bd7 12. c3 Qd8 13. Kh1 Bg4 
14. Bc2 Bf3 15. gxf3 Qh4 16. Kg1 Rc8 17. d4 cxd4 18. cxd4 Rxc2 
1-0

[Event "34th Chess Olympiad (men)"]
[Site "Istanbul"]
[Date "2000.10.29"]
[Round "2.50.2"]
[White "Guller, Andras"]
[Black "Onkoud, Abdelaziz"]
[WhiteElo "2141"]
[BlackElo "2309"]
[WhiteCountry "LIE"]
[BlackCountry "MAR"]
[Result "0-1"]

1. e4 c5 2. Nf3 d6 3. d4 cxd4 4. Qxd4 Nc6 5. Bb5 Bd7 6. Bxc6 Bxc6 7. Nc3 e6 
8. Bg5 Nf6 9. O-O-O Be7 10. Qd3 Qa5 11. h4 O-O 12. Nd4 Rac8 13. Kb1 Rfd8 
14. Bd2 Qc7 15. f4 d5 16. e5 Ne4 17. Qxe4 dxe4 18. Be3 h5 19. Kc1 Bd5 
20. Rde1 g6 21. Rh2 Kh7 22. a3 a6 23. b4 a5 24. Kb2 axb4 25. axb4 Rd7 
26. Rc1 Ra8 27. Ra1 Rxa1 28. Kxa1 Rd8 29. Kb1 Kg7 30. Kc1 Ra8 31. Kb1 Bc4 
32. Nf3 Ra3 33. Bd4 Bxb4 34. Nd2 Bxc3 35. Nxc4 g5 
0-1